000 00737nam a22002417a 4500
999 _c4021
_d4021
003 AR-CdUCM
008 190307b ||||| |||| 00| 0 spa d
020 _a84-499-6646-9
040 _aMUNICIPALIDAD PROVINCIAL DEL CUSCO
_cBIBLIOTECA MUNICIPAL DEL CUSCO
082 _a800.8 /
_bK27
100 _aKawabata, Yasunari
_912826
245 _aLa casa de las bellas durmientes /
260 _aMadrid :
_bEdiciones Orbis,
_bHyspamerica,
_c1983.
300 _a150 paginas ;
_c20cm.
440 _aPremio nobel
_n20
_912827
500 _aNemureru Bijo - titulo original
650 _aNovelas Japonesas
_912828
650 _aSiglo XX
_98
650 _aLiteratura
_983
700 _aGiralt, Pilar
_912829
942 _2ddc
_cLIBROS
945 _apjha